000
00316nam a2200133Ia 4500
005
20251222144733.0
008
251222s9999||||xx |||||||||||||| ||spa||
020
_a
958-02-0770-1
082
_a
781.68/C28
100
_a
Carlin, Richard
245
0
_a
Música Clásica (1600-1825)
264
_b
Voluntad
942
_c
LIB
999
_c
18686
_d
18686